000 nam a22 7a 4500
999 _c8125
_d8125
008 171128b xxu||||| |||| 00| 0 eng d
100 _aMuller
_93957
245 _aThe Ugly Duckling
260 _aNew Delhi
_bD.B. Limited
_c1983